Introduction to electric circuits (Record no. 4190)

000 -LEADER
fixed length control field 00617nam a2200217 a 4500
001 - CONTROL NUMBER
control field 4190
003 - CONTROL NUMBER IDENTIFIER
control field BD-DhUET
008 - FIXED-LENGTH DATA ELEMENTS--GENERAL INFORMATION
fixed length control field 951019s1996 nyua b 001 0 eng
020 ## - INTERNATIONAL STANDARD BOOK NUMBER
International Standard Book Number 0471127027
040 ## - CATALOGING SOURCE
Original cataloging agency DLC
Transcribing agency DLC
Modifying agency BD-DhUET
082 00 - DEWEY DECIMAL CLASSIFICATION NUMBER
Classification number 623.01
Item number DOR/1996
100 1# - MAIN ENTRY--PERSONAL NAME
Personal name Dorf, Richard C.
245 10 - TITLE STATEMENT
Title Introduction to electric circuits
Statement of responsibility, etc. by Richard C. Dorf and James A. Svoboda.
250 ## - EDITION STATEMENT
Edition statement 3rd ed.
260 ## - PUBLICATION, DISTRIBUTION, ETC. (IMPRINT)
Place of publication, distribution, etc. New York
Name of publisher, distributor, etc. John Wiley
Date of publication, distribution, etc. 1996
300 ## - PHYSICAL DESCRIPTION
Extent xxiv, 998p.
Other physical details ill. (some col.) ;
Dimensions 26 cm.
504 ## - BIBLIOGRAPHY, ETC. NOTE
Bibliography, etc Includes bibliographies
650 #0 - SUBJECT ADDED ENTRY--TOPICAL TERM
Topical term or geographic name as entry element Electric circuits.
700 1# - ADDED ENTRY--PERSONAL NAME
Personal name Svoboda, James A.
942 ## - ADDED ENTRY ELEMENTS (KOHA)
Koha item type General Book
Holdings
Copy number Date acquired Source of classification or shelving scheme Location (home branch) Damaged status Withdrawn status Koha full call number Lost status Koha issues (times borrowed) Not for loan Koha item type Koha date last borrowed Koha normalized classification for sorting Sublocation or collection (holding branch) Shelving location Piece designation (barcode) Koha date last seen Price effective from
12014-11-13 Central Library, BUET  623.01/DOR/1996 5 General Book2020-02-26623_000000000000000_01DOR1996Central Library, BUETCirculation section920612021-02-172014-11-13
22014-11-13 Central Library, BUET  623.01/DOR/1996 4 General Book2020-01-15623_000000000000000_01DOR1996Central Library, BUETCirculation section920622020-11-212014-11-13
32014-11-13 Central Library, BUET  623.01/DOR/1996   General Book 623_000000000000000_01DOR1996Central Library, BUETCirculation section920632014-11-132014-11-13